Регионална библиотека "Любен Каравелов" - Русе

Ловни птици и бозайници в България (Запис номер 32630)

MARC детайли
000 -Лидер
Контролно поле с фиксирана дължина 01970nam a2200421 c 4500
003 - Код на организацията, давaща контролен номер
Контролно поле BLK
005 - Дата и час на последна редакция
Контролно поле 20180422100129.0
008 - Елементи от данни с фиксирана дължина
fixed length control field 180407b bul|||||r ||||||| ||bul||
010 ## - Наследен системен номер
LC control number KNG00035307000
020 ## - Международен стандартен номер на книга ISBN
Международен стандартен номер на книга ISBN 954-642-116-2
-- издат.: Pensoft
040 ## - Източник на каталожния запис
Идентификатор на билиотеката - собственик на записа BLK
041 ## - Код за език
Код за езика на текст/звукозапис или на отделно заглавие Български
Код за езика КДБФ Български
080 ## - УДК
Текстов определител УДК
УДК код - определител по УДК 639.11/.12
УДК определител (497.2)(035)
УДК - код + определител 639.11/.12(497.2)(035)
080 ## - УДК
Текстов определител УДК
УДК код - определител по УДК 598.2/.6
УДК определител (497.2)(035)
УДК - код + определител 598.2/.6(497.2)(035)
080 ## - УДК
Текстов определител УДК Млекопитаещи животни, бозайници, Mammalia
УДК код - определител по УДК 599
УДК определител (497.2)(035)
УДК - код + определител 599(497.2)(035)
100 1# - Редна дума - Автор
Автор Михайлов, Христо Денчев
Авторска отговорност първи автор
R(LIN) 272434
139 ## - Редно поле
Редна дума Михайлов, Христо Денчев и др.
Авторски знак Михаи - М 74
245 10 - Сведения за заглавието
Заглавие Ловни птици и бозайници в България
Подзаглавни данни Практ. ръководство
Редно поле (дума) Христо Денчев Михайлов; съавт. Стоян Стоянов.
257 ## - Страна на издаване
Страна на създаване/издаване България
260 ## - Област на издателските данни
-- София
Име на издателя, разпространителя и проч. Pensoft
Година на издаване 2001
Печатница София : Унив. изд. Св. Кл. Охридски
300 ## - Физическа характеристика
Страници 208 с.
Илюстрации и др. с ил., к., диагр., 16 л. : цв. ил.
Размери/Мащаб 25 см
380 ## - Жанр
Жанр Селско стопанство
500 ## - Общи забележки
Забележка Офс. изд. - Библиогр. с. 194-196 ; Азб. показалец на бълг. и лат. наименования на разредите, семействата и видове птици и бозайници.
504 ## - Забележка за наличие на библиография и др
Забележка за наличие на библиография и под. 194-196
650 #4 - Допълнително описание по предмет – тема
Основно описание – тема или топоним Птици, ловни - България - справочници
9 (RLIN) 272435
650 #4 - Допълнително описание по предмет – тема
Основно описание – тема или топоним Животни, диви - България - справочници
9 (RLIN) 272436
653 ## - Ключова дума – ненормативна
Ключова дума птици
653 ## - Ключова дума – ненормативна
Ключова дума бозайници
653 ## - Ключова дума – ненормативна
Ключова дума България
653 ## - Ключова дума – ненормативна
Ключова дума диви животни
653 ## - Ключова дума – ненормативна
Ключова дума дивеч
700 1# - Други автори (авторска отговорност)
Лично име Стоянов, Стоян
Автороска отговорност (Описва отношението между автора и произведението) съавт.
Друга информация Иванов, Стоян Стоянов
9 (RLIN) 366035
852 ## - Местоположение
Форматна сигнатура Цб 207584
856 4# - Електронен адрес и достъп
Електронен формат pdf - файл
Път до файла /url/
856 4# - Електронен адрес и достъп
Електронен формат pdf - файл
Път до файла /url/
942 ## - АРТИКУЛИ
Вид на библиотечния материал Книги
Скрит в OPAC Не
944 ## - СЪЗДАВАНЕ И РЕДАКЦИЯ на ЗАПИСА
Създаване/Редакция Създаване
Дата на регистрацията/редакция 15.01.2003
Служител, извършил регистрацията/редакцията Кети_Илиева
944 ## - СЪЗДАВАНЕ И РЕДАКЦИЯ на ЗАПИСА
Създаване/Редакция Редакция
Дата на регистрацията/редакция 01.02.2013
Служител, извършил регистрацията/редакцията
999 ## - СИСТЕМНИ КОНТРОЛНИ НОМЕРА
Koha biblionumber 32630
Koha biblioitemnumber 32630
Наличности
Код за отписване Код за изгубен артикул Източник на класификационната схема Код за повреда Коз за рестрикции Код за отдаване Артикулен № Име на библиотеката - собственик Име на библиотеката, в която се намира в момента Статус (Текущо местоположение) Дата на вписване в системата Местоположение - отдел Цена в лева Инвентарен номер Систематично азбучна сигнатура Баркод Номер на екземпляра Цена в евро Служебна бележка Служебен тип на артикула
  Не е изгубен Universal Decimal Classification Не е повреден без рестрикции ползва се в читалня 52182 Регионална библиотека "Любен Каравелов" Русе Регионална библиотека "Любен Каравелов" Русе Читалня 2001-01-01 Читалня 18.00 662273 Ч 639(497.2)/М 74 120000662273 1 9.20 Дост: Pk Вид: Ф N: стар фонд Дата: 01.01.2001 Дата инв: 20.03.2017 Бележки инв: Ч2017 Книги
  Не е изгубен Universal Decimal Classification Не е повреден без рестрикции ползва се в читалня 52183 Регионална библиотека "Любен Каравелов" Русе Регионална библиотека "Любен Каравелов" Русе Хранилище 2001-01-01 Хранилище 18.00 666961 Цб 207584 120000666961 2 9.20 Дост: Dp Вид: Д N: 31 Дата: 01.01.2001 Книги
Vip Innovations Ltd, Rousse, Bulgaria 2025